| 000 | 00906nam a2200193 i 4500 | ||
|---|---|---|---|
| 001 | 152473 | ||
| 003 | ES-MaACL | ||
| 005 | 20231224062931.0 | ||
| 008 | 931025s1875 sp af |||| | spa d | ||
| 100 | 1 |
_aBotella y de Hornos, Federico de, _d1822-1899 _930760 |
|
| 245 | 1 | 3 |
_aLa Ciudad Encantada _b: hoces, salegas y torcas de la provincia de Cuenca / _cpor Federico de Botella y de Hornos. |
| 260 |
_aMadrid : _b[s.n.], _c1875 ( _fImp. de T. Fortanet) |
||
| 300 |
_a13 p., 5 h. de lám. : _bil. ; _c26 cm. |
||
| 599 | _aLas il son litografías de la Ciudad Encantada; firmadas por Teófilo Ruffle, Federico Botella, Gregorio Prados y Rufino López. | ||
| 650 | 4 |
_aGeología- _zCuenca (Provincia) _9149780 |
|
| 651 | 4 |
_aCuenca (Provincia)- _xDescripción. _9137110 |
|
| 852 |
_aES-MaACL _jT-176-F-9 _z- Enc. hol., falto de la enc. original _z- Enc. en un vol. facticio |
||
| 999 |
_c152473 _d152473 |
||